000
00333nam a22001457a 4500
003
SGT
020
_a
9788194873429
082
_a
624,SIN
100
_a
SINGH MAHAVIR
245
_a
NAISE CONTROL IN BUILDINGS
260
_a
NEW DELHI
_b
NAROSA PUB. HOUSE
_c
2014
300
_a
2014
650
_a
CIVIL ENGINEERING
942
_2
ddc
_c
BK
_0
2
999
_c
24907
_d
24907